Auktion 363 Wertvolle Bücher und Autographen des 15.-20. Jahrhunderts, 22. und 23. Mai 2002

Bibliographic Details
Corporate Author: Hauswedell & Nolte (Hamburg, Nemecko) (Author)
Format: Book
Language:German
PhysicalDescription:284 s., 40 s. čiast. fareb. fotogr. 24 cm
Published: Hamburg Hauswedell & Nolte [2002]
Subjects:

MARC

LEADER 00000nam a2200000 a 4500
001 vtls001484848
003 SK-MaSNL
005 20260301122319.0
008 171201s2002 gw o g c 00100dger
020 |q (brož.) 
035 |a SNK000440142 
040 |a SNK  |b slo  |c SNK  |e AACR2 
043 |a e-gx--- 
072 7 |a 09  |x Rukopisy, prvotlače, staré tlače. Vzácne a pozoruhodné diela  |2 konspekt 
080 |a 09  |2 MDT-MRF 
080 |a (430.119)  |2 MDT-MRF 
080 |a 655.42:658.849.7  |2 MDT-MRF 
080 |a 72/76.075  |2 MDT-MRF 
080 |a 76  |2 MDT-MRF 
080 |a (083.824)  |2 MDT-MRF 
110 2 |a Hauswedell & Nolte (Hamburg, Nemecko)  |4 aut  |9 467689 
245 1 0 |a Auktion  |n 363  |p Wertvolle Bücher und Autographen des 15.-20. Jahrhunderts, 22. und 23. Mai 2002 
260 |a Hamburg  |b Hauswedell & Nolte  |c [2002] 
300 |a 284 s., 40 s. čiast. fareb. fotogr.  |c 24 cm 
610 2 7 |a Hauswedell & Nolte (Hamburg, Nemecko)  |2 SNKPH  |9 467689 
650 0 7 |a knižné aukcie  |z Nemecko  |2 SNKPH  |9 467690 
650 0 7 |a umelecké aukcie  |z Nemecko  |2 SNKPH  |9 304708 
650 0 7 |a vzácne knihy  |z Nemecko  |2 SNKPH  |9 467691 
650 0 7 |a grafika  |z Nemecko  |2 SNKPH  |9 467692 
651 7 |a Kolín nad Rýnom (Nemecko)  |2 SNKPH  |9 31121 
655 7 |a aukčné katalógy  |2 SNKPH  |9 66147 
999 |c 732455  |d 734385 
952 |a SNK  |b SNK  |y VYP  |7 0  |p 17A0458759  |o snkOIC 6840  |i snk2005/2858  |8 2  |g 24.50  |0 0  |1 0  |4 0  |d 2004-11-04  |l 0  |r 2005-01-02 00:00:00  |w 2026-02-23